[Event "ECU-chT U20"]
[Site "Carpuela"]
[Date "2014.05.04"]
[Round "4.3"]
[White "Benalcazar Heredia, David Patr"]
[Black "Galarza Rios, Freddy Gabriel"]
[Result "1-0"]
[WhiteElo "1635"]
[BlackElo "1757"]
[PlyCount "65"]
[EventDate "2014.05.03"]
[EventType "team-swiss"]
[EventRounds "7"]
[EventCountry "ECU"]
[SourceTitle "CBM 160 Extra"]
[Source "ChessBase"]
[SourceDate "2014.07.01"]
[SourceVersion "1"]
[SourceVersionDate "2014.07.01"]
[SourceQuality "1"]
[WhiteTeam "Chimborazo"]
[BlackTeam "Guayas"]
[WhiteTeamCountry "ECU"]
[BlackTeamCountry "ECU"]

1. d4 Nf6 2. c4 g6 3. Nc3 d5 4. Bg5 Ne4 5. Nxe4 dxe4 6. e3 Bg7 7. Ne2 c5 8. Qd2 Nc6 9. d5 Ne5 10. Nc3 f5 11. Be2 a6 12. 0-0 0-0 13. d6 Qxd6 14. Nd5 Qb8 15. Bxe7 Re8 16. Bxc5 Be6 17. Bd6 Qd8 18. Nc7 Nxc4 19. Bxc4 Bxc4 20. Nxa8 Bxf1 21. Qd5+ Kh8 22. Nc7 Bb5 23. Nxe8 Bxe8 24. Rd1 Bc6 25. Qe6 Qg8 26. Qe7 Qe8 27. Qc7 Bf6 28. Bc5 Kg8 29. Rd6 Qf7 30. Qc8+ Kg7 31. Rxf6 Kxf6 32. Qd8+ Kg7 33. Bd4+ 1-0